000 00802nam a2200121Ia 4500
008 220615s9999||||xx |||||||||||||| ||und||
245 0 _aBetter Than Welfare? Work and livelihoods for Indigenous Australians after CDEP
546 _aEnglish[eng]
650 _aself-determination||australian indigenous policy||welfare||Aboriginal and Torres Strait Islander Commission||Aṉangu||Community Development Employment Projects||Labour economics||Wallaga Lake National Park
700 _aJordan, Kirrily
856 _uhttps://library.oapen.org/bitstream/20.500.12657/32041/1/619493.pdf||https://library.oapen.org/bitstream/20.500.12657/32041/1/619493.pdf||https://library.oapen.org/bitstream/20.500.12657/32041/1/619493.pdf||https://library.oapen.org/bitstream/20.500.12657/32041/1/619493.pdf
942 _cEB
999 _c12074
_d12074